[Event "NLD-chT9596"]
[Site "?"]
[Date "1995.??.??"]
[Round "?"]
[White "Knoppert, Erik G J"]
[Black "Vreeken, Corry"]
[Result "1-0"]
[WhiteElo "2400"]
[BlackElo "2135"]

1.e4 e5 2.Nf3 Nc6 3.Bb5 a6 4.Ba4 Nf6 5.O-O b5 6.Bb3 Bb7 7.Re1 Bc5 8.c3 d6
9.d4 Bb6 10.h3 h6 11.a3 O-O 12.Qd3 Re8 13.Nbd2 Na5 14.Bc2 c5 15.b4 c4 16.Qe2 Nc6
17.d5 Ne7 18.a4 Ng6 19.g3 Qd7 20.Kg2 Nh5 21.Nf1 Bc8 22.Ng1 Nhf4+ 23.gxf4 exf4
24.Nh2 Nh4+ 25.Kh1 g5 26.Rf1 Qa7 27.a5 Bd8 28.Qh5 Kg7 29.Nhf3 Ng6 30.Ne2 Bf6
31.Bd2 Qd7 32.Kh2 Nh4 33.Neg1 Ng6 34.Rae1 Qe7 35.Nd4 Be5 36.Ngf3 Qf6 37.Rg1 Bd7
38.Rg2 Rh8 39.Rh1 Rag8 40.Kg1 Kf8 41.Kf1 Ne7 42.Nxe5 Qxe5 43.Nf3 Qf6 44.Ke1 Qg7
45.Nd4 Qe5 46.Kd1 Rg7 47.Kc1 Ng8 48.Qe2 Nf6 49.f3 Nh5 50.Be1 Nf6 51.Kb2 Rhg8
52.Bf2 Rg6 53.Ne6+  1-0

[Event "Novgorod op"]
[Site "Novgorod"]
[Date "1995.??.??"]
[Round "4"]
[White "Aseev, Konstantin N"]
[Black "Volzhin, Alexander"]
[Result "1-0"]
[WhiteElo "2530"]
[BlackElo "2425"]

1.e4 e5 2.Nf3 Nc6 3.Bb5 a6 4.Ba4 Nf6 5.O-O b5 6.Bb3 Bb7 7.Re1 Bc5 8.c3 O-O
9.d4 Bb6 10.d5 Na5 11.Bc2 d6 12.Bg5 c6 13.dxc6 Bxc6 14.Nbd2 h6 15.Bh4 g5
16.Bg3 Rc8 17.Nf1 Nb7 18.h4 g4 19.N3h2 h5 20.Qd2 Nc5 21.Qg5+ Kh7 22.Rad1 Ncxe4
23.Bxe4+ Nxe4 24.Qxh5+ Kg8 25.Qxg4+ Kh7 26.Qf5+ Kh6 27.Ng4+ Kg7 28.Bxe5+  1-0

[Event "Novgorod op"]
[Site "Novgorod"]
[Date "1995.??.??"]
[Round "5"]
[White "Ionov, Sergey"]
[Black "Volzhin, Alexander"]
[Result "1/2-1/2"]
[WhiteElo "2525"]
[BlackElo "2425"]

1.e4 e5 2.Nf3 Nc6 3.Bb5 a6 4.Ba4 Nf6 5.O-O b5 6.Bb3 Bb7 7.Re1 Bc5 8.c3 d6
9.d4 Bb6 10.Be3 O-O 11.Nbd2 h6 12.h3 exd4 13.cxd4 Nb4 14.Qb1 c5 15.a3 Nc6
16.d5 Nd4 17.Nxd4 cxd4 18.Bf4 Nh5 19.Bh2 Qf6 20.e5 dxe5 21.Bxe5 Qd8 22.Qd1 Nf6
23.Nf3 Bxd5 24.Bxd5  1/2-1/2

[Event "Orense op"]
[Site "Orense"]
[Date "1995.??.??"]
[Round "2"]
[White "Pierrot, Facundo"]
[Black "De Leon, Alejandro"]
[Result "1/2-1/2"]
[WhiteElo "2370"]
[BlackElo "2190"]

1.e4 e5 2.Nf3 Nc6 3.Bb5 a6 4.Ba4 Nf6 5.O-O b5 6.Bb3 Bb7 7.Re1 Bc5 8.c3 d6
9.d4 Bb6 10.Be3 O-O 11.Nbd2 h6 12.d5 Ne7 13.Bxb6 cxb6 14.Nh4 Qc7 15.Qf3 a5
16.a3 Nd7 17.Nf5 Nxf5 18.exf5 Nf6 19.Ne4 Nxe4 20.Rxe4 f6 21.Rd1 Rac8 22.Rg4 Qd7
23.Rd3 Rc5 24.Qe4 b4 25.axb4 axb4 26.Qxb4 Rb5 27.Qc4 Rc8 28.Qa4 Ra8 29.Qc4 Rc8
30.Qa4 Ra8 31.Qc4  1/2-1/2

[Event "HUN-ch U20"]
[Site "Paks"]
[Date "1995.??.??"]
[Round "?"]
[White "Boros, Daniel"]
[Black "Lehmann, Zoltan"]
[Result "0-1"]
[WhiteElo "2285"]
[BlackElo "2340"]

1.e4 e5 2.Nf3 Nc6 3.Bb5 a6 4.Ba4 Nf6 5.O-O b5 6.Bb3 Bb7 7.Re1 Bc5 8.c3 d6
9.d4 Bb6 10.a4 O-O 11.axb5 axb5 12.Rxa8 Qxa8 13.d5 Nb8 14.Bg5 Nbd7 15.Bc2 h6
16.Bh4 Nh7 17.Na3 f5 18.exf5 Bxd5 19.Bb3 Nhf6 20.Nxb5 Nc5 21.Bxd5+ Qxd5 22.Bxf6 Qxd1
23.Rxd1 Rxf6 24.g4 h5 25.h3 Ne4 26.Rf1 hxg4 27.hxg4 g6 28.Nh4 Ng3 29.Ra1 gxf5
30.Ra8+ Kg7 31.g5 Rf7 32.g6 Rd7 33.Kg2 Ne2 34.Nxf5+ Kxg6 35.Nh4+ Kg5 36.Nf3+ Kf5
37.Rf8+ Ke4 38.Kf1 Nf4 39.Ng5+ Kd3 40.Rf7 Rxf7 41.Nxf7 Kc4 42.Na3+ Kb3 43.Nb5 Kxb2
44.c4 Nd3 45.Ke2 Nc5 46.f4 exf4 47.Kf3 Nb7 48.Kxf4 Kb3 49.Ng5 c6  0-1

[Event "World op"]
[Site "Philadelphia"]
[Date "1995.??.??"]
[Round "2"]
[White "Strenzwilk, Denis"]
[Black "Ash, Robert"]
[Result "1/2-1/2"]
[WhiteElo "2185"]
[BlackElo "2095"]

1.e4 e5 2.Nf3 Nc6 3.Bb5 a6 4.Ba4 Nf6 5.O-O b5 6.Bb3 Bb7 7.Re1 Bc5 8.c3 d6
9.d4 Bb6 10.a4 h6 11.h3 O-O 12.dxe5 Nxe5 13.Nxe5 dxe5 14.Nd2 Qe7 15.Qe2 c6
16.Nf1 Rfd8 17.Ng3 Bc8 18.Nf5 Bxf5 19.exf5 e4 20.Bf4 Rd7 21.axb5 cxb5 22.g4 Bc7
23.Bxc7 Rxc7 24.h4 Rd7 25.g5 hxg5 26.hxg5 Nd5 27.Qg4 e3 28.fxe3 Nxe3 29.Qf4 Re8
30.g6 Qe5 31.gxf7+ Rxf7 32.Bxf7+ Kxf7 33.Qd4 Qe7 34.Kf2 Qc7 35.Rxe3 Qh2+
36.Kf3 Qh5+ 37.Kg3 Qg5+ 38.Kf3 Rd8 39.Qa7+ Kg8 40.Rae1 Qxf5+ 41.Kg2 Qg4+
42.Kh1 Qh4+ 43.Kg1 Qg4+ 44.Kh1  1/2-1/2

[Event "World op"]
[Site "Philadelphia"]
[Date "1995.??.??"]
[Round "4"]
[White "Chudnovsky, Jacob"]
[Black "Ash, Robert"]
[Result "1-0"]
[WhiteElo "2285"]
[BlackElo "2095"]

1.e4 e5 2.Nf3 Nc6 3.Bb5 a6 4.Ba4 Nf6 5.O-O b5 6.Bb3 Bb7 7.d4 Nxd4 8.Bxf7+ Kxf7
9.Nxe5+ Kg8 10.Qxd4 c5 11.Qd1 Qe8 12.Nf3 Nxe4 13.Bf4 d5 14.Nbd2 Rd8 15.Ng5 h6
16.Ngxe4 dxe4 17.Qg4 Qd7 18.Qxd7 Rxd7 19.Rad1 g5 20.Be3 c4 21.Nxe4 Rf7 22.f3 g4
23.Bd4 Bg7 24.Bxg7 Rxg7 25.Rd8+  1-0

[Event "POL"]
[Site "POL"]
[Date "1995.??.??"]
[Round "?"]
[White "Shishkin, Vadim"]
[Black "Karanowski, Robert"]
[Result "1-0"]
[WhiteElo "2345"]
[BlackElo "2080"]

1.e4 e5 2.Nf3 Nc6 3.Bb5 a6 4.Ba4 Nf6 5.O-O b5 6.Bb3 Bb7 7.Qe2 Be7 8.c3 O-O
9.d4 d6 10.Rd1 Nd7 11.Nbd2 Bf6 12.Nf1 Re8 13.Ng3 g6 14.Bh6 Na5 15.Bc2 Nc4
16.b3 Ncb6 17.d5 Nc5 18.Qd2 Qd7 19.h3 Rad8 20.Nh2 Qe7 21.Ng4 Bh8 22.Ne3 Bc8
23.b4 Nca4 24.Bb3 Bd7 25.Rac1 c5 26.dxc6 Bxc6 27.Nef5 gxf5 28.Nxf5 Qf6 29.Bg5 Qg6
30.Bxd8 Bxe4 31.Nh4 Qh5 32.g4  1-0

[Event "Ptuj"]
[Site "Ptuj"]
[Date "1995.??.??"]
[Round "7"]
[White "Blatny, Frantisek"]
[Black "Mikhalchishin, Adrian"]
[Result "1/2-1/2"]
[WhiteElo "2355"]
[BlackElo "2500"]

1.e4 e5 2.Nf3 Nc6 3.Bb5 a6 4.Ba4 Nf6 5.O-O b5 6.Bb3 Bb7 7.d3 Be7 8.Nc3 O-O
9.Nd5 Na5 10.Nxe7+ Qxe7 11.Bg5 h6 12.Bd2 Nxb3 13.axb3 d6 14.Nh4 Bc8 15.Qf3 Kh7
16.Nf5 Qd8 17.g4 Ng8 18.Qg3 g6 19.Ne3 f5 20.exf5 gxf5 21.f4 fxg4  1/2-1/2

[Event "CRO-Cup"]
[Site "Pula"]
[Date "1995.??.??"]
[Round "3"]
[White "Kutuzovic, Branko"]
[Black "Banusic, Zeljko"]
[Result "1/2-1/2"]
[WhiteElo "2375"]
[BlackElo "2315"]

1.e4 e5 2.Nf3 Nc6 3.Bb5 a6 4.Ba4 Nf6 5.O-O b5 6.Bb3 Bb7 7.Re1 h6 8.d4 d6
9.c3 g6 10.a4 Bg7 11.axb5 axb5 12.Rxa8 Bxa8 13.Na3 Qb8 14.d5 Na5 15.Ba2 Nb7
16.b4 Nd8 17.Nd2 c6 18.dxc6 Bxc6 19.c4 O-O 20.cxb5 Bxb5 21.Ndc4 Bxc4 22.Nxc4 Nc6
23.Qxd6 Qxd6 24.Nxd6 Nxb4 25.Bc4 Nc2 26.Re2 Nd4 27.Ra2 Rb8 28.Rb2 Ra8 29.Rb1 Ne6
30.Nxf7 Kxf7 31.Rb7+ Ke8 32.Bxe6 Ra1 33.Rc7 Kd8 34.Rc8+ Ke7 35.Bb3 Nxe4 36.f3 Kd7
37.Rc2 Nd6 38.Kf2 Nf5 39.Bb2 Ra7 40.Rd2+ Ke7 41.Bd5 Rd7 42.Ba3+ Kf6 43.Bb4 h5
44.Bc3 Ne7 45.Be4 Rxd2+ 46.Bxd2 Nf5 47.Bc3 Ke6 48.h4 Bf8 49.Kf1 Bc5 50.Ke2 Bb6  1/2-1/2

[Event "Riga op"]
[Site "Riga"]
[Date "1995.??.??"]
[Round "?"]
[White "Sulskis, Sarunas"]
[Black "Berzinsh, Roland"]
[Result "1-0"]
[WhiteElo "2470"]
[BlackElo "2430"]

1.e4 e5 2.Nf3 Nc6 3.Bb5 a6 4.Ba4 Nf6 5.O-O b5 6.Bb3 Bb7 7.Re1 Be7 8.c3 d5
9.exd5 Nxd5 10.Nxe5 Nxe5 11.Rxe5 Nf4 12.d4 Nxg2 13.Qe2 h6 14.Qh5 g6 15.Qh3 Qd6
16.Bg5 Qxe5 17.dxe5 Bxg5 18.a4 Nf4 19.Qe3 O-O-O 20.axb5 Rd3 21.Qa7 a5 22.Na3 Bh4
23.Nc4 Rf3 24.Kf1 Nh3 25.Nxa5 Rxf2+ 26.Qxf2 Nxf2 27.Nxb7 Kxb7 28.Ra4 g5 29.Bxf7 Nd3
30.e6 Ne5 31.Bh5 g4 32.Re4 Rf8+ 33.Ke2 Rf5 34.Bxg4 Nxg4 35.Rxg4 Re5+ 36.Kd3 Bg5
37.Re4 Rxe4 38.Kxe4 Kb6 39.Kf5 Kxb5 40.Kg6 Kc4 41.Kf7 Kb3 42.e7 Bxe7 43.Kxe7 Kxb2
44.c4 Kc3 45.c5 Kb4 46.c6  1-0

[Event "San Luis Clarin GP"]
[Site "San Luis"]
[Date "1995.??.??"]
[Round "1"]
[White "Panelo, Marcelo"]
[Black "Slipak, Sergio"]
[Result "0-1"]
[WhiteElo "2195"]
[BlackElo "2450"]

1.e4 e5 2.Nf3 Nc6 3.Bb5 a6 4.Ba4 Nf6 5.O-O b5 6.Bb3 Bb7 7.d4 Nxd4 8.Nxd4 exd4
9.c3 Nxe4 10.Re1 Be7 11.Qxd4 O-O 12.Be3 d5 13.Nd2 c5 14.Qe5 Bf6 15.Qh5 Nxd2
16.Bxd2 g6 17.Qf3 c4 18.Bc2 Qb6 19.Qg3 d4 20.Be4 Bxe4 21.Rxe4 Rfe8 22.Rae1 Rxe4
23.Rxe4 Rd8 24.h3 Qc6 25.Qf4 dxc3 26.Bxc3 Bxc3 27.bxc3 Rd1+ 28.Kh2 Qd6 29.a4 Qxf4+
30.Rxf4 Rd3 31.Rf6 Rxc3 32.Rxa6 b4 33.Rb6 Rb3 34.a5 c3 35.a6 c2 36.Rc6 Rc3
37.a7 c1=Q 38.a8=Q+ Kg7 39.Rxc3 Qxc3 40.Qb8 b3 41.g3 b2 42.Qb6 Qf6  0-1

[Event "Sao Paulo zt"]
[Site "Sao Paulo"]
[Date "1995.??.??"]
[Round "2"]
[White "Milos, Gilberto"]
[Black "Bravo, Hector"]
[Result "1-0"]
[WhiteElo "2560"]
[BlackElo "2335"]

1.e4 e5 2.Nf3 Nc6 3.Bb5 a6 4.Ba4 Nf6 5.O-O b5 6.Bb3 Bb7 7.c3 Nxe4 8.d4 Na5
9.Bc2 exd4 10.b4 Nc4 11.Bxe4 Bxe4 12.Re1 d5 13.Nxd4 c5 14.bxc5 Bxc5 15.f3 O-O
16.fxe4 dxe4 17.Rxe4 f5 18.Rf4 Qb6 19.Rf2 f4 20.Nd2 Bxd4 21.cxd4 Qxd4 22.Rb1 Rae8
23.Qf1 Ne3 24.Nf3 Qe4 25.Bxe3 fxe3 26.Re2 g5 27.h3 h5 28.Qe1 Qf4 29.Rb3 g4
30.hxg4 hxg4 31.Rb4 gxf3 32.Rxf4 Rxf4 33.Qg3+ Kh7 34.gxf3 Rf6 35.Rg2  1-0

[Event "SLO-chT"]
[Site "?"]
[Date "1995.??.??"]
[Round "5"]
[White "Sedonja, J."]
[Black "Markun, Bostjan"]
[Result "1/2-1/2"]
[WhiteElo "1820"]
[BlackElo "2285"]

1.e4 e5 2.Nf3 Nc6 3.Bb5 a6 4.Ba4 Nf6 5.O-O b5 6.Bb3 Bb7 7.Re1 Bc5 8.c3 d6
9.d4 Bb6 10.Bg5 h6 11.Bh4 g5 12.Bg3 O-O 13.h3 Qe7 14.d5 Na5 15.Bc2 c6 16.dxc6 Bxc6
17.b3 Nh5 18.Bh2 Nf4 19.Bxf4 gxf4 20.Nh2 Kh7 21.Qh5 Rg8 22.Nd2 Rg5 23.Qf3 Rag8
24.Rf1 Rg3 25.Qh5 R8g5 26.Qe2  1/2-1/2

[Event "Timisoara op"]
[Site "Timisoara"]
[Date "1995.??.??"]
[Round "3"]
[White "Moraru, Marius"]
[Black "Kirjak, Robert"]
[Result "1-0"]
[WhiteElo "2295"]
[BlackElo "2060"]

1.e4 e5 2.Nf3 Nc6 3.Bb5 a6 4.Ba4 Nf6 5.O-O b5 6.Bb3 Bb7 7.c3 Nxe4 8.d4 d5
9.dxe5 Na5 10.Bc2 Be7 11.Nbd2 Nxd2 12.Qxd2 Nc4 13.Qd3 Qd7 14.b3 Nb6 15.Ng5 Bxg5
16.Bxg5 Qg4 17.Be3 Nd7 18.h3 Qe6 19.f4 O-O-O 20.a4 bxa4 21.Rxa4 Qc6 22.Qd4 Nb6
23.Ra5 Nd7 24.Rfa1 Qb6 25.Qd2 Qc6 26.Bd4 Rhe8 27.Bd3 Nb8 28.b4 Qh6 29.b5 axb5
30.Rxb5 Bc6 31.Bf5+ Nd7 32.Qa2  1-0

[Event "JUG-chT"]
[Site "Tivat"]
[Date "1995.??.??"]
[Round "2"]
[White "Brkljaca, Ante"]
[Black "Vujosevic, Vladimir"]
[Result "0-1"]
[WhiteElo "2325"]
[BlackElo "2345"]

1.e4 e5 2.Nf3 Nc6 3.Bb5 a6 4.Ba4 Nf6 5.O-O b5 6.Bb3 Bb7 7.Re1 Bc5 8.c3 d6
9.d4 Bb6 10.Bg5 h6 11.Bh4 Qd7 12.a4 O-O-O 13.axb5 axb5 14.Na3 g5 15.Bg3 h5
16.h4 gxh4 17.Nxh4 exd4 18.Nxb5 dxc3 19.bxc3 Na5 20.Rxa5 Bxa5 21.Na7+ Kb8
22.Ba4 Qe6 23.Nc6+ Bxc6 24.Bxc6 Qc4 25.Qb1+ Bb6 26.Bb5 Qc5 27.c4 Rdg8 28.Qd3 Rg4
29.e5 Rhg8 30.Kh1 Rxg3 31.fxg3 Ng4 32.Qh7 Rd8 33.Qxf7 dxe5 34.Qf3 e4 35.Qf4 Qe3  0-1

[Event "JUG-chT"]
[Site "Tivat"]
[Date "1995.??.??"]
[Round "5"]
[White "Djuric, Stefan"]
[Black "Tseshkovsky, Vitaly"]
[Result "1/2-1/2"]
[WhiteElo "2470"]
[BlackElo "2540"]

1.e4 e5 2.Nf3 Nc6 3.Bb5 a6 4.Ba4 Nf6 5.O-O b5 6.Bb3 Bb7 7.d3 Be7 8.Nc3 d6
9.a4 Na5 10.Ba2 b4 11.Ne2 c5 12.Ng3 Bc8 13.c3 bxc3 14.bxc3 O-O 15.d4 Qc7
16.h3 Rb8 17.Re1 c4 18.Ba3 Re8 19.d5 Nb7 20.Rb1 Bd7 21.Nxe5 Bxa4 22.Nc6 Bxc6
23.dxc6 Qxc6 24.Bb4  1/2-1/2

[Event "JUG-chT"]
[Site "Tivat"]
[Date "1995.??.??"]
[Round "5"]
[White "Savic, Miodrag"]
[Black "Pantos, Nenad"]
[Result "1-0"]
[WhiteElo "2200"]
[BlackElo "2275"]

1.e4 e5 2.Nf3 Nc6 3.Bb5 a6 4.Ba4 Nf6 5.O-O b5 6.Bb3 Bb7 7.Re1 Bc5 8.c3 d6
9.d3 Qe7 10.a4 h6 11.Nbd2 O-O-O 12.axb5 axb5 13.Ba2 Nh5 14.Qb3 Nf4 15.Qxb5 g5
16.Bd5 Nxd5 17.exd5 Nb8 18.b4 Bxf2+ 19.Kxf2 g4 20.Ra7 c6 21.Qxc6+ Bxc6 22.Rxe7 gxf3
23.gxf3 Rh7 24.Nc4  1-0

[Event "JUG-chT"]
[Site "Tivat"]
[Date "1995.??.??"]
[Round "9"]
[White "Novoselski, Zoran"]
[Black "Vujosevic, Vladimir"]
[Result "1-0"]
[WhiteElo "2360"]
[BlackElo "2345"]

1.e4 e5 2.Nf3 Nc6 3.Bb5 a6 4.Ba4 Nf6 5.O-O b5 6.Bb3 Bb7 7.d3 Be7 8.Nc3 O-O
9.a4 b4 10.Ne2 h6 11.Ng3 Re8 12.a5 Bf8 13.Nf5 d5 14.exd5 Nxd5 15.N3h4 g6
16.Nxh6+ Bxh6 17.Bxh6 Qxh4 18.Bxd5 Qxh6 19.Qf3 Re6 20.Bxe6 fxe6 21.Qg4 Re8
22.Rae1 Qh5 23.Qxh5 gxh5 24.f4 Rf8 25.fxe5 Nxa5 26.Rf6 Bd5 27.c4 bxc3 28.bxc3 Rxf6
29.exf6 Kf7 30.Re5 Kxf6 31.Rxh5 Nb3 32.Rh7 c5 33.Rc7 a5 34.c4  1-0

[Event "Toronto ch"]
[Site "Toronto"]
[Date "1995.??.??"]
[Round "6"]
[White "Findlay, Ian T"]
[Black "Livshits, Ron"]
[Result "1-0"]
[WhiteElo "2345"]
[BlackElo "2365"]

1.e4 e5 2.Nf3 Nc6 3.Bb5 a6 4.Ba4 Nf6 5.O-O b5 6.Bb3 Bb7 7.Re1 Bc5 8.c3 d6
9.d3 h6 10.Nbd2 O-O 11.Nf1 d5 12.exd5 Nxd5 13.Ng3 Re8 14.d4 Bb6 15.dxe5 Na5
16.Bc2 Ne7 17.Nd4 c5 18.Qd3 g6 19.Nh5 Nd5 20.Nf5 gxf5 21.Qg3+ Kf8 22.Bxh6+  1-0

[Event "Untergrombach op"]
[Site "Untergrombach"]
[Date "1995.??.??"]
[Round "?"]
[White "Bach, Edwin"]
[Black "Rausis, Igors"]
[Result "1-0"]
[WhiteElo "2310"]
[BlackElo "2495"]

1.e4 e5 2.Nf3 Nc6 3.Bb5 a6 4.Ba4 Nf6 5.O-O b5 6.Bb3 Bb7 7.Re1 Bc5 8.c3 O-O
9.d4 Bb6 10.Nxe5 Nxe5 11.dxe5 Nxe4 12.Be3 Bxe3 13.Rxe3 Qh4 14.Qe2 Rae8 15.f3 Nc5
16.Nd2 Qh6 17.Nf1 Ne6 18.Re1 Nf4 19.Qd2 Re7 20.Bc2 Qg5 21.g3 Nh3+ 22.Kg2 Qh5
23.Be4 Bxe4 24.Rxe4 Ng5 25.Rf4 Qh3+ 26.Kf2 Rfe8 27.Rd4 Qh5 28.Qd1 d6 29.f4 Nh3+
30.Kg2 Qf5 31.Ne3 Qe6 32.Qg4 dxe5 33.Nf5 Qc6+ 34.Kxh3 g6 35.Nxe7+ Rxe7 36.Rxe5  1-0

[Event "Velden op"]
[Site "Velden"]
[Date "1995.??.??"]
[Round "7"]
[White "Van Mil, Johannes A J"]
[Black "Frosch, Erich"]
[Result "1-0"]
[WhiteElo "2435"]
[BlackElo "2265"]

1.e4 e5 2.Nf3 Nc6 3.Bb5 a6 4.Ba4 Nf6 5.O-O b5 6.Bb3 Bb7 7.Re1 Bc5 8.c3 O-O
9.d4 Bb6 10.Bg5 d6 11.a4 h6 12.Bh4 Qe7 13.d5 Na5 14.Na3 c6 15.dxc6 Bxc6 16.axb5 axb5
17.Bxf6 Qxf6 18.Bd5 g5 19.Rf1 Bd7 20.Bxa8 Rxa8 21.Nc2 Bc6 22.Nd2 Nc4 23.Rxa8+ Bxa8
24.Nxc4 bxc4 25.Qe2 Qf4 26.Re1 d5 27.exd5 Bxd5 28.Ne3 Be6 29.Rd1 Qe4 30.Qf3 Qg6
31.Nd5 Bc5 32.Nf6+ Kg7 33.Ne4 Be7 34.Qe3 Qf5 35.Ng3 Qg6 36.Qxe5+ Bf6 37.Qe4 h5
38.Qxg6+ Kxg6 39.f3 Be7 40.Ne4 g4 41.Kf2 gxf3 42.gxf3 Kf5 43.Ke3 Ke5 44.f4+ Kf5
45.Nd6+ Kg4 46.Ke4 f6 47.f5 Bd7 48.Nxc4 Bc6+ 49.Kd4 Kxf5 50.Ne3+ Kg5 51.Rg1+ Kf4
52.Nd5+ Bxd5 53.Kxd5  1-0

[Event "CUB-ch sf"]
[Site "Villa Clara"]
[Date "1995.??.??"]
[Round "7"]
[White "Cabrera, Alexis"]
[Black "Alonso, Rene"]
[Result "1/2-1/2"]
[WhiteElo "2270"]
[BlackElo "2410"]

1.e4 e5 2.Nf3 Nc6 3.Bb5 a6 4.Ba4 Nf6 5.O-O b5 6.Bb3 Bb7 7.d3 Bd6 8.c3 O-O
9.Bg5 Be7 10.Nbd2 d6 11.a4 Nd7 12.Be3 Bf6 13.Bd5 Qc8 14.axb5 axb5 15.Qb3 Ne7
16.Rxa8 Qxa8 17.Bxb7 Qxb7 18.Ra1 c5 19.g4 Nc6 20.Nc4 Be7 21.Bg5 Bxg5 22.Nxg5 Qb8
23.Ne3 Nf6 24.h3 h6 25.Nf3 b4 26.Ra6 bxc3 27.Qxb8 Nxb8 28.Rxd6 cxb2 29.Rb6 Nc6
30.Rxb2 Rd8 31.Rb5 Rxd3 32.Rxc5 Rd6 33.Nxe5 Nxe5 34.Rxe5 Rd4 35.f3 Rd2 36.Re7 g6
37.e5 Nd7 38.Nc4 Rd4 39.Ne3 Kf8 40.Rxd7 Rxd7 41.Kf2 Rd2+ 42.Kg3 Re2 43.Nc4 Ke7
44.f4 Re4 45.Nd2 Re3+ 46.Nf3 Ke6 47.Kf2 Ra3 48.Kg2 Kd5 49.f5 Ra2+ 50.Kg3 g5
51.e6 fxe6 52.fxe6 Kxe6 53.h4 Ra3 54.hxg5 hxg5 55.Kf2 Kf6 56.Kg3 Ra2 57.Ng1 Ra5
58.Nf3 Ke6 59.Kf2 Kd6 60.Ke3 Kc6 61.Ke4 Ra4+ 62.Ke3 Kd5 63.Nxg5 Rxg4 64.Nf3 Rg8
65.Kf4 Rf8+ 66.Ke3 Ra8 67.Kf4 Ra3 68.Ne5 Ra4+ 69.Kf5 Ra1 70.Nf3 Ra8 71.Kf4 Rf8+
72.Ke3  1/2-1/2

[Event "Sonnevanck-B"]
[Site "Wijk aan Zee"]
[Date "1995.??.??"]
[Round "4"]
[White "Lane, Gary W"]
[Black "Van de Oudeweetering, Arthur"]
[Result "0-1"]
[WhiteElo "2405"]
[BlackElo "2330"]

1.e4 e5 2.Nf3 Nc6 3.Bb5 a6 4.Ba4 Nf6 5.O-O b5 6.Bb3 Bb7 7.d3 Be7 8.c3 O-O
9.Re1 h6 10.Nbd2 Re8 11.d4 Bf8 12.Bc2 d5 13.exd5 Qxd5 14.Ne4 exd4 15.Nxf6+ gxf6
16.Qd3 f5 17.Bf4 Bg7 18.Bxc7 Re4 19.Qd2 Rg4 20.Bg3 Ne5 21.Qd1 d3 22.h3 Rxg3
23.fxg3 Nxf3+ 24.Qxf3 dxc2 25.Kf2 b4 26.Qxd5 Bxd5 27.Re2 bxc3 28.bxc3 Bxc3
29.Rc1 Be4  0-1

[Event "Zaragoza op-B"]
[Site "Zaragoza"]
[Date "1995.??.??"]
[Round "8"]
[White "Jurkovic, Ante"]
[Black "Jepson, Christian"]
[Result "0-1"]
[WhiteElo "2335"]
[BlackElo "2325"]

1.e4 e5 2.Nf3 Nc6 3.Bb5 a6 4.Ba4 Nf6 5.O-O b5 6.Bb3 Bb7 7.Re1 Bc5 8.c3 d6
9.d4 Bb6 10.Be3 h6 11.h3 O-O 12.Nbd2 exd4 13.cxd4 Nb4 14.Qb1 c5 15.a3 Nc6
16.d5 Ne7 17.Bc2 Ng6 18.Nf1 Nh5 19.Qd1 Ba5 20.Bd2 Bxd2 21.Qxd2 Nhf4 22.Ne3 Ne5
23.Nxe5 dxe5 24.Qd1 Bc8 25.Qf3 Bd7 26.Rad1 Rb8 27.Bd3 Rb6 28.Bf1 Qg5 29.Kh2 Rf6
30.Qg3 Qh5 31.Qf3 Qg5 32.Qg3 Qh5 33.Qf3 Qxf3 34.gxf3 h5 35.Rc1 c4 36.Rc3 Ng6
37.Be2 Nh4 38.Kg3 Rf4 39.b3 cxb3 40.Rxb3 f5 41.exf5 Nxf5+ 42.Nxf5 R8xf5 43.Rb4 h4+
44.Kg2 Kf8 45.Bd1 Rxb4 46.axb4 Rf4 47.Re4 Kf7 48.Be2 Kf6 49.Bd3 Bf5 50.Rxf4 exf4
51.Be4 Bc8 52.Kh2 Ke5 53.Kg2 Kd6 54.Kh2 Bb7 55.Bf5 Bxd5 56.Bc8 Bc6  0-1

[Event "Zlin-B"]
[Site "Zlin"]
[Date "1995.??.??"]
[Round "?"]
[White "Repkova Eid, Eva"]
[Black "Macieja, Bartlomiej"]
[Result "1/2-1/2"]
[WhiteElo "2320"]
[BlackElo "2395"]

1.e4 e5 2.Nf3 Nc6 3.Bb5 a6 4.Ba4 Nf6 5.O-O b5 6.Bb3 Bb7 7.Re1 Bc5 8.c3 d6
9.d4 Bb6 10.Bg5 h6 11.Bh4 g5 12.Bg3 O-O 13.a4 exd4 14.Qd3 Ne5 15.Nxe5 dxe5
16.axb5 dxc3 17.Qxd8 Rfxd8 18.Nxc3 axb5 19.Rxa8 Bxa8 20.Bxe5 Rd2 21.Rd1 Rxf2
22.Bxc7 Rxb2+ 23.Bxb6 Rxb3 24.Rd8+ Kh7 25.Bd4 Nxe4 26.g4 f6 27.Nxe4 Bxe4
28.Bxf6 b4 29.Be5 Rd3 30.Rb8 b3 31.Rb4 Bd5 32.Kf2 Rd2+ 33.Ke3 Rg2 34.Rb5  1/2-1/2

[Event "Balatonbereny op"]
[Site "Balatonbereny"]
[Date "1996.??.??"]
[Round "5"]
[White "Bezgodov, Alexei"]
[Black "Vujosevic, Vladimir"]
[Result "1-0"]
[WhiteElo "2485"]
[BlackElo "2400"]

1.e4 e5 2.Nf3 Nc6 3.Bb5 a6 4.Ba4 Nf6 5.O-O b5 6.Bb3 Bb7 7.d3 Be7 8.a4 O-O
9.Nc3 b4 10.Nd5 Na5 11.Ba2 Nxd5 12.exd5 d6 13.c3 bxc3 14.b4  1-0

[Event "Regionalliga NW9697"]
[Site "Bayern"]
[Date "1996.??.??"]
[Round "?"]
[White "Zoeller, Bernd"]
[Black "Neubauer, Jaroslaus"]
[Result "1-0"]
[WhiteElo "1950"]
[BlackElo "1930"]

1.e4 e5 2.Nf3 Nc6 3.Bb5 a6 4.Ba4 Nf6 5.O-O b5 6.Bb3 Bb7 7.c3 Nxe4 8.Re1 Na5
9.Bc2 d5 10.Nxe5 Be7 11.d4 O-O 12.Nd2 f5 13.f3 Nd6 14.Nb3 Nxb3 15.axb3 Bh4
16.g3 Bf6 17.Nd3 Bc8 18.Bf4 Nf7 19.Nc5 g5 20.Bd2 Re8 21.Rxe8+ Qxe8 22.Qf1 Nd6
23.Re1 Qf7 24.Kh1 h6 25.Bd3 Bg7 26.Re2 Nb7 27.Qe1 Kf8 28.Bc2 Nxc5 29.dxc5 Bb7
30.Bd1 d4 31.Re6 Bd5 32.Re5 Bxe5 33.Qxe5 d3 34.Qh8+ Ke7 35.Qxh6 g4 36.Qe3+ Qe6
37.Qxd3 Rd8 38.Bg5+ Ke8 39.Bxd8 Bxf3+ 40.Bxf3 Qe1+ 41.Kg2 gxf3+ 42.Kxf3  1-0

[Event "Oberliga Bayern9596"]
[Site "Bayern"]
[Date "1996.??.??"]
[Round "?"]
[White "Fauth, Dietmar"]
[Black "Dengler, Peter"]
[Result "1/2-1/2"]
[WhiteElo "2250"]
[BlackElo "2315"]

1.e4 e5 2.Nf3 Nc6 3.Bb5 a6 4.Ba4 Nf6 5.O-O b5 6.Bb3 Bb7 7.Re1 Bc5 8.c3 d6
9.d4 Bb6 10.a4 Qd7 11.axb5 axb5 12.Rxa8+ Bxa8 13.Bg5 Qg4 14.Na3 exd4 15.Bxf6 gxf6
16.Nxd4 Qxd1 17.Rxd1 Nxd4 18.cxd4 c6 19.d5 Ke7 20.Kf1 Bc5 21.dxc6 Bxc6 22.Bd5 Bd7
23.Nc2 f5 24.b4 Bb6 25.Nd4 fxe4 26.Bxe4 Rc8 27.Nf5+ Bxf5 28.Bxf5 Rc4 29.Bxh7 Rxb4
30.Rb1 Rf4 31.Rxb5 Bxf2 32.Rf5 Bg3+  1/2-1/2

[Event "Regionalliga SO9596"]
[Site "Bayern"]
[Date "1996.??.??"]
[Round "?"]
[White "Reisinger, Georg"]
[Black "Mittermeier, Josef"]
[Result "0-1"]
[WhiteElo "1820"]
[BlackElo "1915"]

1.e4 e5 2.Nf3 Nc6 3.Bb5 a6 4.Ba4 Nf6 5.O-O b5 6.Bb3 Bb7 7.c3 Nxe4 8.Re1 d5
9.d3 Nc5 10.Nxe5 Nxe5 11.Rxe5+ Ne6 12.d4 Bd6 13.Bg5 Qd7 14.Re1 O-O 15.Qg4 f5
16.Qh4 h6 17.Bc1 Rae8 18.f4 c5 19.dxc5 Nxc5 20.Bc2 Rxe1+ 21.Qxe1 Re8 22.Qf1 Ne4
23.h3 Ng3 24.Qd1 Ne2+ 25.Kf1 Qe6 26.Bd3 Nxc1 27.Qxc1 Bxf4 28.Qd1 d4 29.cxd4 Qe3
30.Qe2 Qc1+  0-1

[Event "Lee Cup"]
[Site "Beijing"]
[Date "1996.??.??"]
[Round "6"]
[White "Wu Xibin"]
[Black "Rausis, Igors"]
[Result "1/2-1/2"]
[WhiteElo "2295"]
[BlackElo "2495"]

1.e4 e5 2.Nf3 Nc6 3.Bb5 a6 4.Ba4 Nf6 5.O-O b5 6.Bb3 Bb7 7.Re1 Bc5 8.c3 O-O
9.d4 Bb6 10.Be3 exd4 11.cxd4 Na5 12.d5 Bxe3 13.Rxe3 c6 14.Nc3 Nxb3 15.Qxb3 cxd5
16.e5 d4 17.Nxd4 Ng4 18.Re2 Qh4 19.h3 Nxe5 20.Rxe5 Qxd4 21.Rae1 Qc4 22.Qxc4 bxc4
23.Rd1 Bc6 24.Rc5 Rab8 25.Rd2 Rb4 26.Nd5 Bxd5 27.Rcxd5 Rd8 28.Rxd7 Rxd7 29.Rxd7 Kf8
30.Rd2 Ra4 31.b3 cxb3 32.axb3 Ra1+ 33.Kh2 Ra3 34.Rd3  1/2-1/2

[Event "Belgrade"]
[Site "Belgrade"]
[Date "1996.??.??"]
[Round "3"]
[White "Zakic, Srdjan"]
[Black "Petronic, Jovan"]
[Result "0-1"]
[WhiteElo "2365"]
[BlackElo "2435"]

1.e4 e5 2.Nf3 Nc6 3.Bb5 a6 4.Ba4 Nf6 5.O-O b5 6.Bb3 Bb7 7.d3 Be7 8.Re1 O-O
9.Nbd2 Re8 10.Ng5 Rf8 11.Ngf3 d6 12.c3 Na5 13.Bc2 c5 14.Nf1 Re8 15.Bg5 h6
16.Bh4 Nh5 17.Bxe7 Qxe7 18.Ne3 Nf4 19.g3 Nh3+ 20.Kg2 Ng5 21.h4 Nxf3 22.Qxf3 Bc8
23.Nd5 Qd8 24.a4 b4 25.Rad1 Be6 26.Rh1 Rb8 27.g4 bxc3 28.bxc3 Bxd5 29.exd5 Rb2
30.Rc1 Qe7 31.Qe4 g6 32.h5 Qg5 33.hxg6 fxg6 34.d4 Rf8 35.Rh5 Rxf2+ 36.Kxf2 gxh5
37.Qh7+ Kf8 38.Rf1 Ke8 39.Ke1 Qc1+ 40.Kf2 Qxc2+  0-1

[Event "Belgrade"]
[Site "Belgrade"]
[Date "1996.??.??"]
[Round "6"]
[White "Zontakh, Andrey"]
[Black "Petronic, Jovan"]
[Result "1-0"]
[WhiteElo "2580"]
[BlackElo "2435"]

1.e4 e5 2.Nf3 Nc6 3.Bb5 a6 4.Ba4 Nf6 5.O-O b5 6.Bb3 Bb7 7.c3 Nxe4 8.d4 Na5
9.Bc2 exd4 10.Nxd4 c5 11.Nf5 Qf6 12.Nd2 d5 13.Nxe4 dxe4 14.Ng3 Be7 15.Nxe4 Qc6
16.Qh5 g6 17.Qe5 f6 18.Qg3 O-O 19.f3 Rad8 20.Bf4 Rd7 21.Rfe1 Qb6 22.Re2 Bd5
23.b3 Bf7 24.Rae1 b4 25.Nf2 Bd8 26.Bf5 Rd5 27.Be6 bxc3 28.Bxd5 Bxd5 29.Bh6 Bf7
30.Bxf8 Kxf8 31.Qh3 Kg8 32.Qd7 Qc7 33.Re7 Qxd7 34.Rxd7 Bb6 35.Rc1 c4 36.Rxc3 cxb3
37.axb3 Kf8 38.b4 Be8 39.Rd6 Bxf2+ 40.Kxf2 Nb7 41.Rxf6+ Ke7 42.Rxa6  1-0

[Event "Berliner Sommer"]
[Site "Berlin"]
[Date "1996.??.??"]
[Round "9"]
[White "Dvoirys, Semen I"]
[Black "Gross, Dav"]
[Result "1-0"]
[WhiteElo "2570"]
[BlackElo "2360"]

1.e4 e5 2.Nf3 Nc6 3.Bb5 a6 4.Ba4 Nf6 5.O-O b5 6.Bb3 Bb7 7.d3 Bc5 8.a4 d6
9.Nc3 b4 10.Ne2 h6 11.a5 O-O 12.Ng3 d5 13.Qe2 Re8 14.Nf5 Ne7 15.Ba4 Nxf5
16.Bxe8 dxe4 17.dxe4 Nxe4 18.Ba4 Nd4 19.Nxd4 exd4 20.Bf4 g5 21.Bc1 Kh8 22.Qd3 Qd6
23.Bd2 g4 24.Rae1 f5 25.Bc1 Rg8 26.Bb3 Rg7 27.f3 gxf3 28.Rxf3 Qg6 29.Re2 Nc3
30.bxc3 Be4 31.Rg3 Bxd3 32.Rxg6 dxc3+ 33.Be3 Bxe2 34.Rxh6+ Rh7 35.Rxh7+ Kxh7
36.Bxc5  1-0